Cartoons From the '80s Quiz Stats

 Plays Quiz Updated Aug 29, 2016

Challenge
Share
Tweet
Score 0/40 Timer 06:00
1 Play Today
% Correct
Garfield and Friends
94.7%
Care Bears
94.4%
The Smurfs
92.9%
Alvin and the Chipmunks
92.9%
Inspector Gadget
91.8%
Teenage Mutant Ninja Turtles
91.7%
Spider-Man... Amazing Friends
90.1%
Transformers
87.1%
My Little Pony
85.4%
The Real Ghostbusters
81.6%
He-Man
81.4%
Chip n' Dale Rescue Rangers
73%
Dennis the Menace
72%
Thundercats
68.4%
Muppet Babies
66.8%
DuckTales
65.4%
G.I. Joe
54.2%
Heathcliff
49.1%
Rainbow Brite
48.1%
She-Ra: Princess of Power
46.6%
% Correct
Danger Mouse
44.5%
Gummi Bears
35.5%
The Snorks
35%
Jem and the Holograms
34.9%
Voltron
32.6%
It's Punky Brewster
17.4%
Dungeons & Dragons
15.9%
Bananaman
15.9%
World of David the Gnome
15.1%
MASK
12.6%
BraveStarr
8.3%
COPS
7.8%
Battle of the Planets
7.4%
Thundarr the Barbarian
7.4%
The Centurions: Power X Treme
4.7%
Dinosaucers
3.6%
Visionaries
3.5%
Mysterious Cities of Gold
3.4%
TranZor Z
2%
The Mighty Orbots
1.1%

You're not logged in!

Compare scores with friends on all Sporcle quizzes.
OR
Log In

You Might Also Like...

Show Comments

Extras

Top Quizzes Today


Score Distribution

Your Account Isn't Verified!

In order to create a playlist on Sporcle, you need to verify the email address you used during registration. Go to your Sporcle Settings to finish the process.

Report this User

Report this user for behavior that violates our Community Guidelines.

Details: